[Event "?"]
[Site "?"]
[Date "2011.06.03"]
[Round "4.5"]
[White "Aring, Gerd"]
[Black "Reich, Thomas"]
[Result "0-1"]
[WhiteElo "2205"]
[BlackElo "2381"]
[PlyCount "84"]
[EventDate "2011.??.??"]
[WhiteTeam "SV Nürtingen 1920"]
[BlackTeam "FC Bayern München e.V."]

1. d4 Nf6 2. c4 g6 3. Nc3 Bg7 4. e4 O-O 5. Nge2 Nc6 6. e5 Ne8 7. f4 d6 8. Be3
dxe5 9. dxe5 Be6 10. Nd4 Nxd4 11. Qxd4 f6 12. Rd1 Qxd4 13. Bxd4 fxe5 14. fxe5
Rd8 15. Bxa7 Rxd1+ 16. Nxd1 Bxe5 17. Be3 Nd6 18. b3 Nf5 19. Be2 Nxe3 20. Nxe3
Bc3+ 21. Kd1 Rd8+ 22. Nd5 c6 23. Kc2 Ba5 24. b4 cxd5 25. bxa5 Ra8 26. cxd5 Bxd5
27. a6 bxa6 28. Rg1 Bxa2 29. Bf3 Ra7 30. Ra1 Bc4 31. Kc3 Bb5 32. Bd5+ Kg7 33.
Kd4 Kf6 34. Ra2 e5+ 35. Kc5 Rc7+ 36. Kd6 Rd7+ 37. Kc5 Ke7 38. Rf2 Rc7+ 39. Kb4
Kd6 40. Rd2 Ke7 41. Rf2 Bd3 42. Bg8 Ke8 0-1

[Event "?"]
[Site "?"]
[Date "2011.06.03"]
[Round "4.6"]
[White "Graf, Felix"]
[Black "Schulte, Torsten"]
[Result "1-0"]
[WhiteElo "2318"]
[BlackElo "2146"]
[PlyCount "79"]
[EventDate "2011.??.??"]
[WhiteTeam "FC Bayern München e.V."]
[BlackTeam "SC Eppingen"]

1. d4 Nf6 2. c4 e6 3. Nf3 b6 4. a3 d5 5. cxd5 exd5 6. Qa4+ c6 7. Bg5 Be7 8. e3
O-O 9. Bd3 h6 10. Bf4 Bb7 11. O-O Nbd7 12. Nc3 Nh5 13. Be5 f6 14. Bg3 Nxg3 15.
hxg3 f5 16. Rad1 c5 17. Bb5 Nf6 18. dxc5 bxc5 19. Nh4 Qc8 20. Ng6 Rf7 21. Ne5
Rf8 22. Ng6 Rf7 23. Qc2 Qe6 24. Nf4 Qe5 25. Ng6 Qe6 26. Nf4 Qe5 27. Bd3 Ne4 28.
Ncxd5 Bxd5 29. Nxd5 Qxd5 30. Bc4 Qe5 31. Qb3 Raf8 32. Rd7 Nd6 33. Bxf7+ Rxf7
34. Rd1 c4 35. Qb8+ Rf8 36. Qxa7 Nc8 37. Qc7 Qxc7 38. Rxc7 Bf6 39. Rxc4 Bxb2
40. a4 1-0

[Event "?"]
[Site "?"]
[Date "2011.06.03"]
[Round "4.7"]
[White "Schiff, Armin"]
[Black "Neyman, Igor"]
[Result "0-1"]
[WhiteElo "2160"]
[BlackElo "2262"]
[PlyCount "62"]
[EventDate "2011.??.??"]
[WhiteTeam "SC Reti Heusweiler"]
[BlackTeam "SGem Vaihingen-Rohr"]

1. d4 d5 2. Nf3 c6 3. c3 Nf6 4. h3 Qc7 5. Ne5 Nbd7 6. Bf4 Nxe5 7. Bxe5 Qb6 8.
Qb3 Bf5 9. Nd2 Nd7 10. Bf4 f6 11. e3 e5 12. Bh2 Be7 13. Be2 Rd8 14. O-O O-O 15.
e4 Be6 16. exd5 Bxd5 17. Qxb6 Nxb6 18. dxe5 Bxg2 19. Rfd1 Bxh3 20. exf6 Bxf6
21. Ne4 Be7 22. Bc7 Rxd1+ 23. Rxd1 Be6 24. b3 Nd5 25. Bd6 Bxd6 26. Nxd6 Nxc3
27. Rd2 Rd8 28. Bf3 Nb5 29. Nc4 Rxd2 30. Nxd2 Nc3 31. a4 Bd5 0-1

[Event "?"]
[Site "?"]
[Date "2011.06.03"]
[Round "4.8"]
[White "Günthner, Oliver"]
[Black "Bodrozic, Tomislav"]
[Result "1-0"]
[WhiteElo "2276"]
[BlackElo "2104"]
[PlyCount "63"]
[EventDate "2011.??.??"]
[WhiteTeam "SK Neuhausen"]
[BlackTeam "SF Birkenfeld"]

1. Nf3 Nf6 2. g3 g6 3. Bg2 Bg7 4. O-O O-O 5. c4 d6 6. Nc3 e5 7. d4 Nbd7 8. e4
exd4 9. Nxd4 Re8 10. Re1 a6 11. h3 Rb8 12. Bf4 Ne5 13. Bf1 Bd7 14. Rc1 Qc8 15.
Kh2 h5 16. Rc2 h4 17. g4 Nfxg4+ 18. hxg4 Bxg4 19. f3 c5 20. fxg4 Nxg4+ 21. Kh1
Bxd4 22. Qf3 Bxc3 23. Rxc3 Ne5 24. Qf2 Qd8 25. Rh3 Kg7 26. Bxe5+ Rxe5 27. Rxh4
f5 28. exf5 Rxf5 29. Qh2 Qxh4 30. Qxh4 Rh8 31. Re7+ Kg8 32. Re8+ 1-0

[Event "?"]
[Site "?"]
[Date "2011.06.03"]
[Round "4.9"]
[White "Prestel, Oliver"]
[Black "Kabisch, Thilo"]
[Result "0-1"]
[WhiteElo "2140"]
[BlackElo "2291"]
[PlyCount "69"]
[EventDate "2011.??.??"]
[WhiteTeam "SV Marbach"]
[BlackTeam "SK Schmiden/Cannstatt"]

1. d4 Nf6 2. Nf3 d6 3. c4 g6 4. Nc3 Bg7 5. e4 O-O 6. Be2 e5 7. O-O Nc6 8. d5
Ne7 9. b4 Ne8 10. c5 f5 11. Nd2 Kh8 12. f3 Bh6 13. Ba3 Bxd2 14. Qxd2 f4 15. b5
g5 16. Na4 Ng8 17. Rac1 Ngf6 18. Qa5 b6 19. cxb6 cxb6 20. Qe1 g4 21. Qh4 Rg8
22. Nb2 gxf3 23. Bxf3 Bd7 24. Rc6 Bxc6 25. dxc6 a6 26. bxa6 Rxa6 27. Bb4 Rxa2
28. Nd3 Rc2 29. Rd1 Qc7 30. Kh1 Qxc6 31. Nxf4 exf4 32. e5 Ne4 33. exd6 Rc1 34.
Qe1 Rxd1 35. Bxd1 0-1

[Event "?"]
[Site "?"]
[Date "2011.06.03"]
[Round "4.10"]
[White "Wagner, Florian"]
[Black "Bräuner, Uwe"]
[Result "1/2-1/2"]
[WhiteElo "2249"]
[BlackElo "2122"]
[PlyCount "78"]
[EventDate "2011.??.??"]
[WhiteTeam "SC Noris-Tarrasch Nürnberg 1873"]
[BlackTeam "Erfurter SK"]

1. e4 g6 2. d4 Bg7 3. Nc3 d6 4. h3 c6 5. a4 Nf6 6. g3 O-O 7. Bg2 e5 8. Be3 a5
9. Nge2 Na6 10. O-O Nb4 11. g4 d5 12. dxe5 Nxe4 13. Nxe4 dxe4 14. Qxd8 Rxd8 15.
Bxe4 Bxe5 16. Rad1 Be6 17. c3 Nd5 18. Bd4 Bxd4 19. Nxd4 Nf4 20. Nxe6 fxe6 21.
h4 Kf7 22. f3 h6 23. Kf2 Ke7 24. Rh1 e5 25. Rxd8 Rxd8 26. Ke3 Kf6 27. Bc2 Rd6
28. Rh2 b5 29. axb5 cxb5 30. Ke4 b4 31. g5+ hxg5 32. hxg5+ Kxg5 33. Kxe5 Rd5+
34. Ke4 bxc3 35. bxc3 Rc5 36. Kd4 Ne6+ 37. Kd3 Nf4+ 38. Kd4 Ne6+ 39. Kd3 Nf4+
1/2-1/2

[Event "?"]
[Site "?"]
[Date "2011.06.03"]
[Round "4.11"]
[White "Braun, Georg"]
[Black "Schuh, Karsten"]
[Result "1-0"]
[WhiteElo "2121"]
[BlackElo "2249"]
[PlyCount "35"]
[EventDate "2011.??.??"]
[WhiteTeam "SK Bebenhausen 1992"]
[BlackTeam "SC Böblingen 1975 e.V."]

1. e4 c5 2. Nf3 d6 3. d4 cxd4 4. Nxd4 Nf6 5. Nc3 a6 6. Bc4 e6 7. Bb3 Be7 8. g4
Nc6 9. g5 Nd7 10. Bxe6 fxe6 11. Nxe6 Qa5 12. Nxg7+ Kf7 13. Nf5 Nde5 14. Nh6+
Ke8 15. Qh5+ Kd7 16. O-O Kc7 17. Nd5+ Kb8 18. f4 1-0

[Event "?"]
[Site "?"]
[Date "2011.06.03"]
[Round "4.12"]
[White "Gustain, Marc"]
[Black "Nabavi, Parwis"]
[Result "1-0"]
[WhiteElo "2101"]
[BlackElo "2226"]
[PlyCount "54"]
[EventDate "2011.??.??"]
[WhiteTeam "SF Deizisau"]

1. e4 e5 2. Bc4 Nc6 3. Nf3 Bc5 4. O-O Nf6 5. d4 Bxd4 6. Nxd4 Nxd4 7. f4 d6 8.
fxe5 dxe5 9. Bg5 Be6 10. Na3 Qe7 11. c3 Bxc4 12. Nxc4 Ne6 13. Bxf6 gxf6 14. Kh1
Qc5 15. Na3 Ng5 16. Rxf6 Nxe4 17. Qa4+ Ke7 18. Rxf7+ Kxf7 19. Qxe4 Kg7 20. Qg4+
Kh6 21. Qh4+ Kg6 22. Nc4 Rhf8 23. b4 Qd5 24. Qg3+ Kh6 25. Nxe5 Rae8 26. Qh4+
Kg7 27. Qg5+ Kh8 1-0

[Event "?"]
[Site "?"]
[Date "2011.06.03"]
[Round "4.13"]
[White "Vaysberg, Alexander"]
[Black "Gabriel, Josef"]
[Result "1-0"]
[WhiteElo "2203"]
[BlackElo "2113"]
[PlyCount "117"]
[EventDate "2011.??.??"]
[WhiteTeam "SC Gross-Sachsenheim"]
[BlackTeam "Stuttgarter SF 1879"]

1. e4 g6 2. d4 Bg7 3. f4 d6 4. Nf3 a6 5. c4 c5 6. dxc5 Qa5+ 7. Nc3 dxc5 8. Bd2
Qd8 9. Qb3 Nf6 10. e5 Ng4 11. h3 Nh6 12. g4 Bd7 13. O-O-O Bc6 14. Bg2 e6 15.
Be3 Qe7 16. Na4 Nd7 17. Rxd7 Bxd7 18. Bxc5 Bxa4 19. Qxa4+ Qd7 20. Qxd7+ Kxd7
21. Rd1+ Kc7 22. Bd6+ Kc8 23. Ng5 Rd8 24. Nxh7 a5 25. Rd3 Ra6 26. Rb3 Rd7 27.
c5 Ng8 28. c6 Rxd6 29. cxb7+ Kb8 30. exd6 Rxd6 31. Rb5 Ne7 32. Rxa5 Nd5 33.
Bxd5 exd5 34. Rb5 Bd4 35. Kd2 Bb6 36. a4 Bc7 37. g5 Ra6 38. Nf6 Bxf4+ 39. Kd3
Rd6 40. a5 Rd8 41. a6 Ka7 42. Rxd5 Rh8 43. Ke4 Bh2 44. Rd2 Bb8 45. Rc2 Kxa6 46.
Nd7 Rh4+ 47. Kd5 Kxb7 48. Nxb8 Kxb8 49. Rc3 Rf4 50. Kd6 f6 51. h4 f5 52. Ke5
Rxh4 53. Kf6 Rb4 54. Kxg6 f4 55. b3 Rb7 56. Kh6 Rc7 57. Rd3 Rc2 58. g6 Rh2+ 59.
Kg5 1-0

[Event "?"]
[Site "?"]
[Date "2011.06.03"]
[Round "4.14"]
[White "Jüttner, Andreas"]
[Black "Szenetra, Werner"]
[Result "1/2-1/2"]
[WhiteElo "2096"]
[BlackElo "2187"]
[PlyCount "36"]
[EventDate "2011.??.??"]
[WhiteTeam "FC Bayern München e.V."]
[BlackTeam "SC Rastatt"]

1. c4 g6 2. g3 Bg7 3. Bg2 e5 4. Nc3 d6 5. d3 Nc6 6. e4 Be6 7. Nge2 Qd7 8. O-O
Bh3 9. Nd5 Bxg2 10. Kxg2 Nge7 11. Be3 O-O 12. Qd2 f5 13. f4 Rae8 14. Rae1 exf4
15. Bxf4 fxe4 16. dxe4 Ne5 17. b3 N7c6 18. h3 Nf7 1/2-1/2

[Event "?"]
[Site "?"]
[Date "2011.06.03"]
[Round "4.15"]
[White "Melzner, Lukas"]
[Black "Arounopoulos, Stephan"]
[Result "0-1"]
[WhiteElo "2183"]
[BlackElo "2098"]
[PlyCount "56"]
[EventDate "2011.??.??"]
[WhiteTeam "SK Klosterlechfeld"]
[BlackTeam "SK e4 Gerlingen"]

1. c4 e5 2. Nc3 Nc6 3. g3 g6 4. Bg2 Bg7 5. e3 d6 6. Nge2 f5 7. d3 Nf6 8. Rb1 a5
9. a3 O-O 10. O-O Be6 11. b4 axb4 12. axb4 Rb8 13. Nd5 Ne7 14. Nec3 c6 15.
Nxe7+ Qxe7 16. b5 Qd7 17. Qb3 Rbd8 18. bxc6 bxc6 19. Ba3 Rfe8 20. Na4 Bf7 21.
Nb6 Qc7 22. Qa4 e4 23. Rfd1 Rb8 24. dxe4 Rxb6 25. Bxd6 Qb7 26. Rxb6 Qxb6 27. e5
Ne4 28. Bxe4 fxe4 0-1

[Event "?"]
[Site "?"]
[Date "2011.06.03"]
[Round "4.16"]
[White "Pfeifer, Wilfried"]
[Black "Krockenberger, Martin"]
[Result "0-1"]
[WhiteElo "2040"]
[BlackElo "2178"]
[PlyCount "132"]
[EventDate "2011.??.??"]
[WhiteTeam "TSF Ditzingen"]
[BlackTeam "SK Schmiden/Cannstatt"]

1. f4 Nf6 2. Nf3 g6 3. b3 Bg7 4. Bb2 O-O 5. e3 c5 6. Be2 Nc6 7. O-O d5 8. Ne5
Qc7 9. Bf3 Rd8 10. Qe2 b6 11. Nxc6 Qxc6 12. c4 Bb7 13. cxd5 Nxd5 14. Bxg7 Kxg7
15. Nc3 Qc7 16. Bxd5 Bxd5 17. d4 Bb7 18. Rfd1 cxd4 19. Nb5 Qc6 20. Nxd4 Qe4 21.
Qf3 Rac8 22. Qxe4 Bxe4 23. Rac1 Kf6 24. Kf2 h6 25. h4 a5 26. g3 Rc5 27. Ke2 e6
28. Rc4 Rxc4 29. bxc4 Ke7 30. Rd2 Rc8 31. Rb2 Rxc4 32. Rxb6 Ra4 33. Rb2 Bd5 34.
Kd2 f6 35. Nb3 Kd6 36. Nc1 h5 37. Rc2 Rb4 38. a3 Rb8 39. Nd3 e5 40. Nf2 Rb3 41.
Rc3 Rb2+ 42. Rc2 Rb8 43. e4 Bc6 44. Kc3 Rb1 45. Rd2+ Ke7 46. fxe5 fxe5 47. Nd3
Rg1 48. Nxe5 Bxe4 49. Re2 Rxg3+ 50. Kd4 Bf5 51. Nxg6+ Kf6 52. Nf4 Rg4 53. Ke3
Rxh4 54. Rb2 Kg5 55. Rg2+ Rg4 56. Rf2 h4 57. Nh3+ Kf6 58. Nf4 Ke5 59. Rf3 Be4
60. Rf2 Rg3+ 61. Kd2 Rxa3 62. Ne2 Ra2+ 63. Ke3 h3 64. Rh2 Bf5 65. Kf3 Rc2 66.
Rf2 a4 0-1

[Event "?"]
[Site "?"]
[Date "2011.06.03"]
[Round "4.17"]
[White "Färber, Eric"]
[Black "Haag, Ulrich"]
[Result "1/2-1/2"]
[WhiteElo "2030"]
[BlackElo "2155"]
[PlyCount "27"]
[EventDate "2011.??.??"]
[WhiteTeam "SC Leinfelden"]
[BlackTeam "SV Backnang"]

1. e4 c6 2. d4 d5 3. exd5 cxd5 4. c4 Nf6 5. Nc3 e6 6. cxd5 Nxd5 7. Nf3 Nc6 8.
Bd3 Bb4 9. Bd2 O-O 10. a3 Ba5 11. O-O Bc7 12. Qc2 Nf6 13. Ne4 h6 14. Bc3
1/2-1/2

[Event "?"]
[Site "?"]
[Date "2011.06.03"]
[Round "4.18"]
[White "Weidel, Albrecht"]
[Black "Kvetny, Mark"]
[Result "1/2-1/2"]
[WhiteElo "2154"]
[BlackElo "2071"]
[PlyCount "57"]
[EventDate "2011.??.??"]
[WhiteTeam "SAbt TG Biberach"]
[BlackTeam "SV Altbach e.V."]

1. Nf3 Nf6 2. d4 e6 3. c4 c5 4. Nc3 cxd4 5. Nxd4 Nc6 6. e3 Be7 7. Be2 Qc7 8.
O-O a6 9. b3 b6 10. Bb2 Bb7 11. Rc1 O-O 12. Nxc6 dxc6 13. Bf3 Rad8 14. Qe2 Nd7
15. Be4 f5 16. Bc2 c5 17. f4 Bf6 18. Rcd1 Nb8 19. Na4 Bxb2 20. Nxb2 Rxd1 21.
Nxd1 Rd8 22. Nc3 Nc6 23. Rd1 Ne7 24. Rd2 Bc6 25. Qd1 Rxd2 26. Qxd2 Qd7 27. Qxd7
Bxd7 28. Kf2 Kf7 29. h3 1/2-1/2

[Event "?"]
[Site "?"]
[Date "2011.06.03"]
[Round "4.19"]
[White "Lebeda, Timo"]
[Black "Scheeff, Volker"]
[Result "1-0"]
[WhiteElo "2013"]
[BlackElo "2149"]
[PlyCount "93"]
[EventDate "2011.??.??"]
[WhiteTeam "SAbt VFB Reichenbach"]
[BlackTeam "SK Schmiden/Cannstatt"]

1. c4 c6 2. Nf3 d5 3. d4 Nf6 4. Nc3 e6 5. e3 Nbd7 6. Be2 dxc4 7. Bxc4 b5 8. Bd3
Bb7 9. O-O a6 10. a3 c5 11. dxc5 Nxc5 12. Bc2 Bd6 13. b4 Nce4 14. Nxe4 Nxe4 15.
Bxe4 Bxe4 16. Qd4 Bxf3 17. gxf3 Qg5+ 18. Kh1 Rd8 19. f4 Qg4 20. Qe4 O-O 21. Bb2
Qf5 22. Qxf5 exf5 23. Rg1 f6 24. Rac1 Be7 25. Rc7 Kf7 26. Bd4 Rc8 27. Rgc1 Rxc7
28. Rxc7 Ke6 29. Rc6+ Kd5 30. Rxa6 Rc8 31. Ra7 Bf8 32. Kg2 h6 33. h4 Rc6 34. h5
Bd6 35. Rxg7 Bxf4 36. Rd7+ Ke6 37. Rb7 Be5 38. Bxe5 fxe5 39. Rxb5 Rc7 40. a4
Rg7+ 41. Kf3 e4+ 42. Ke2 Rg5 43. Rb6+ Kd5 44. Rxh6 Kc4 45. b5 Kb4 46. b6 Rg7
47. Rf6 1-0

[Event "?"]
[Site "?"]
[Date "2011.06.03"]
[Round "4.20"]
[White "Bräunlin, Klaus"]
[Black "Gentner, Markus"]
[Result "1-0"]
[WhiteElo "2147"]
[BlackElo "2023"]
[PlyCount "79"]
[EventDate "2011.??.??"]
[WhiteTeam "SV Trossingen"]
[BlackTeam "SC Murrhardt 1948 e.V."]

1. e4 c6 2. d4 d5 3. e5 c5 4. Nf3 Nc6 5. c3 Bg4 6. Be2 e6 7. Qa4 Bxf3 8. gxf3
Qb6 9. Bb5 a6 10. Na3 cxd4 11. cxd4 Bxa3 12. Bxc6+ Qxc6 13. Qxc6+ bxc6 14. bxa3
Rb8 15. Rg1 Ne7 16. Ke2 Nf5 17. Kd3 Kd7 18. Bd2 Rb2 19. Rgf1 Rxd2+ 20. Kxd2
Nxd4 21. f4 Rb8 22. Rab1 Rxb1 23. Rxb1 Kc7 24. a4 a5 25. Kd3 Nf5 26. h3 h5 27.
Rb2 Nh4 28. Ke2 Ng6 29. Ke3 Nf8 30. f5 exf5 31. Kf4 g6 32. Kg5 Ne6+ 33. Kf6 Nd8
34. f4 d4 35. Rc2 Kd7 36. Rc4 Ne6 37. Kxf7 c5 38. Rc1 Nxf4 39. Rxc5 g5 40. e6+
1-0

[Event "?"]
[Site "?"]
[Date "2011.06.03"]
[Round "4.21"]
[White "Jehle, Anja"]
[Black "Demel, Paul"]
[Result "1/2-1/2"]
[WhiteElo "1934"]
[BlackElo "2140"]
[PlyCount "30"]
[EventDate "2011.??.??"]
[WhiteTeam "SC Ingersheim e.V."]
[BlackTeam "SK Kriegshaber"]

1. d4 Nf6 2. c4 g6 3. Nc3 Bg7 4. e4 d6 5. f3 O-O 6. Be3 c5 7. dxc5 dxc5 8. Qxd8
Rxd8 9. Bxc5 Nc6 10. Nd5 Nd7 11. Bxe7 Nxe7 12. Nxe7+ Kf8 13. Nd5 Bxb2 14. Rb1
Bg7 15. Nh3 Nc5 1/2-1/2

[Event "?"]
[Site "?"]
[Date "2011.06.03"]
[Round "4.22"]
[White "Strunski, Andreas"]
[Black "Maisch, Julian"]
[Result "1-0"]
[WhiteElo "2347"]
[BlackElo "1913"]
[PlyCount "65"]
[EventDate "2011.??.??"]
[WhiteTeam "Stuttgarter SF 1879"]
[BlackTeam "SF 59 Kornwestheim"]

1. d4 Nf6 2. c4 g6 3. Nc3 d5 4. cxd5 Nxd5 5. e4 Nxc3 6. bxc3 Bg7 7. Bc4 O-O 8.
Ne2 c5 9. O-O Qc7 10. Bd3 Rd8 11. Bf4 Qd7 12. d5 b6 13. Qd2 Ba6 14. c4 Nc6 15.
Rad1 Ne5 16. Bxe5 Bxe5 17. f4 Bg7 18. e5 b5 19. Qc2 bxc4 20. Bxc4 Bxc4 21. Qxc4
Rac8 22. Nc3 Qc7 23. Ne4 Bf8 24. Ng5 Qb7 25. a3 h6 26. Nxf7 Kxf7 27. f5 g5 28.
d6+ Kg7 29. dxe7 Bxe7 30. Qe6 c4 31. f6+ Bxf6 32. Qxf6+ Kh7 33. Rxd8 1-0

[Event "?"]
[Site "?"]
[Date "2011.06.03"]
[Round "4.23"]
[White "Holzhäuer, Mathias"]
[Black "Gheng, Simona"]
[Result "1-0"]
[WhiteElo "2297"]
[BlackElo "2052"]
[PlyCount "91"]
[EventDate "2011.??.??"]
[WhiteTeam "SK Schmiden/Cannstatt"]

1. e4 c5 2. Nc3 Nc6 3. Bb5 d6 4. Bxc6+ bxc6 5. f4 Nf6 6. d3 g6 7. Nf3 Bg7 8.
O-O O-O 9. Qe1 Rb8 10. Rb1 Nd7 11. Bd2 e5 12. Qg3 Ba6 13. f5 c4 14. dxc4 Bxc4
15. Rf2 d5 16. b3 d4 17. Nd1 Nc5 18. Nxe5 Nxe4 19. Qf4 Nxf2 20. Nxc6 Qe8 21.
Nxb8 Nxd1 22. bxc4 Qe2 23. Nd7 Re8 24. Rb8 Nc3 25. h3 Qe7 26. Rxe8+ Qxe8 27.
Bxc3 dxc3 28. Qb8 Qxb8 29. Nxb8 Bd4+ 30. Kf1 gxf5 31. Ke2 Kg7 32. Kd3 Bb6 33.
Nd7 Ba5 34. Kd4 Kg6 35. Ne5+ Kf6 36. Nc6 Bc7 37. c5 Kg5 38. Nxa7 Kf4 39. Nb5
Be5+ 40. Kd5 f6 41. Nd6 Ke3 42. Nc4+ Ke2 43. Nxe5 fxe5 44. Kxe5 Kd2 45. c6 Kxc2
46. c7 1-0

[Event "?"]
[Site "?"]
[Date "2011.06.03"]
[Round "4.24"]
[White "Montigel, Philipp"]
[Black "Gibicar, Danijel"]
[Result "1/2-1/2"]
[WhiteElo "2176"]
[BlackElo "2037"]
[PlyCount "58"]
[EventDate "2011.??.??"]
[WhiteTeam "SV Stuttgart-Wolfbusch 1956 e.V."]
[BlackTeam "SK Bebenhausen 1992"]

1. f4 Nf6 2. Nf3 g6 3. g3 Bg7 4. Bg2 O-O 5. O-O d5 6. d3 Nc6 7. c3 Qd6 8. d4
Ne4 9. Be3 f5 10. Na3 Nxc3 11. Qb3 Ne4 12. Nb5 Qd8 13. Rfc1 a6 14. Nc3 e6 15.
Na4 Na5 16. Qc2 Nc4 17. Bf2 c6 18. b3 Ncd6 19. Be1 Re8 20. e3 Nf7 21. Bb4 Bf8
22. Bxf8 Rxf8 23. Nc5 Qe7 24. Nd3 Bd7 25. Rab1 Rfc8 26. b4 Nfd6 27. Nfe5 Be8
28. Bxe4 Nxe4 29. Nc5 Nd6 1/2-1/2

[Event "?"]
[Site "?"]
[Date "2011.06.03"]
[Round "4.25"]
[White "Keough, Robert"]
[Black "Fahnenschmidt, Gerhard"]
[Result "1/2-1/2"]
[WhiteElo "2106"]
[BlackElo "2014"]
[PlyCount "109"]
[EventDate "2011.??.??"]
[WhiteTeam "SGem Vaihingen-Rohr"]
[BlackTeam "VfL Sindelfingen"]

1. e4 c5 2. d4 cxd4 3. c3 Nf6 4. e5 Nd5 5. cxd4 d6 6. Nf3 Nc6 7. exd6 exd6 8.
Qb3 Be6 9. Qxb7 Ndb4 10. Bb5 Bd5 11. Bxc6+ Nxc6 12. Qb5 Bxf3 13. gxf3 Qd7 14.
d5 Nd4 15. Qd3 Rc8 16. Nc3 Nf5 17. Bg5 Be7 18. Bxe7 Nxe7 19. O-O-O O-O 20. Rhg1
Rc5 21. Kb1 Kh8 22. Qd4 Nf5 23. Qg4 Rb8 24. Rd3 Qc8 25. Ka1 Rc4 26. Qg5 f6 27.
Qd2 Qb7 28. Rg4 Rcc8 29. a3 Qd7 30. Re4 Rb3 31. Ne2 Rb6 32. Nd4 Rcb8 33. b4 a5
34. Nc6 axb4 35. Nxb8 Rxb8 36. Rxb4 Ra8 37. Qb2 Qe8 38. Ka2 h5 39. Rdb3 Kh7 40.
Qc2 Qe5 41. Rb8 Ra5 42. R3b5 Ra7 43. a4 Kh6 44. a5 Kg6 45. Ka3 Qf4 46. Qe4 Qc1+
47. Kb3 Re7 48. Qc2 Qf4 49. Qd3 Qc1 50. Rb4 Re1 51. a6 Qa1 52. R8b6 Rb1+ 53.
Kc4 Rc1+ 54. Kb3 Rb1+ 55. Kc4 1/2-1/2

[Event "?"]
[Site "?"]
[Date "2011.06.03"]
[Round "4.26"]
[White "Steinhart, Christoph"]
[Black "Zikeli, Saskia"]
[Result "0-1"]
[WhiteElo "1979"]
[BlackElo "2093"]
[PlyCount "80"]
[EventDate "2011.??.??"]
[WhiteTeam "TSV Schönaich"]
[BlackTeam "SC Ingersheim e.V."]

1. e4 c5 2. c4 Nc6 3. Nc3 g6 4. g3 Bg7 5. Bg2 d6 6. d3 e6 7. Nge2 Nge7 8. a3
O-O 9. O-O Rb8 10. Rb1 a5 11. Be3 Nd4 12. b4 axb4 13. axb4 Nec6 14. bxc5 dxc5
15. f4 e5 16. h3 f5 17. Nd5 fxe4 18. dxe4 exf4 19. gxf4 Qh4 20. Bf2 Qh6 21. Kh2
Bg4 22. Ndc3 Nf3+ 23. Kh1 Bxh3 24. Bxf3 Bxf1+ 25. Kg1 Bxe2 26. Qd5+ Kh8 27.
Nxe2 Rbd8 28. Qxc5 Qh3 29. Bg2 Qd3 30. Re1 Nd4 31. Nxd4 Bxd4 32. Qc7 Bxf2+ 33.
Kxf2 Qd2+ 34. Re2 Rxf4+ 35. Bf3 Rxf3+ 36. Kxf3 Rf8+ 37. Kg3 Qxe2 38. Qe5+ Kg8
39. Qe6+ Kg7 40. Qe7+ Rf7 0-1

[Event "?"]
[Site "?"]
[Date "2011.06.03"]
[Round "4.27"]
[White "Sieweck, Philipp"]
[Black "Imhof, Thomas"]
[Result "0-1"]
[WhiteElo "1938"]
[BlackElo "2082"]
[PlyCount "115"]
[EventDate "2011.??.??"]
[WhiteTeam "SV Rottweil"]
[BlackTeam "SGem Vaihingen-Rohr"]

1. e4 c5 2. Nf3 d6 3. d4 cxd4 4. Qxd4 Nc6 5. Bb5 Bd7 6. Bxc6 Bxc6 7. c4 Nf6 8.
Nc3 e6 9. Bg5 Be7 10. O-O O-O 11. Rfd1 Qc7 12. Rac1 Rfd8 13. Qd3 e5 14. Nh4 Ne8
15. Bxe7 Qxe7 16. Nf5 Qf6 17. b4 b6 18. Rd2 Rd7 19. a4 Rad8 20. Nd5 Bxd5 21.
cxd5 g6 22. Ne3 Ng7 23. Rdc2 Qe7 24. Rc6 Nh5 25. g3 Nf6 26. f3 Nh5 27. Rc8 Kg7
28. Qa6 Qg5 29. Kf2 Qe7 30. Rxd8 Qxd8 31. Rc8 Qe7 32. Qc4 Nf6 33. Qc6 h5 34.
Nc4 h4 35. Na3 hxg3+ 36. hxg3 g5 37. g4 Ne8 38. Nb5 Kf8 39. a5 a6 40. Nc7 Rxc7
41. Rxe8+ Qxe8 42. Qxc7 bxa5 43. Qxd6+ Kg8 44. bxa5 Qa4 45. Qd8+ Kh7 46. Qxg5
Qxa5 47. Qf5+ Kg8 48. Qxe5 Qd2+ 49. Kg3 Qe1+ 50. Kf4 Qc1+ 51. Kf5 Qe3 52. f4
Qh3 53. Qf6 Qa3 54. d6 Qc5+ 55. Qe5 Qc8+ 56. Kf6 Qf8 57. d7 Qg7+ 58. Kf5 0-1

[Event "?"]
[Site "?"]
[Date "2011.06.03"]
[Round "4.28"]
[White "Andraschko, Felix"]
[Black "Boyard, Marie"]
[Result "1-0"]
[WhiteElo "2071"]
[BlackElo "1989"]
[PlyCount "89"]
[EventDate "2011.??.??"]
[WhiteTeam "SC Leinfelden"]

1. d4 Nf6 2. c4 e6 3. g3 Bb4+ 4. Bd2 Be7 5. Bg2 d5 6. Nf3 c6 7. O-O O-O 8. Qc2
Nbd7 9. Bf4 b6 10. Rd1 Bb7 11. Nc3 dxc4 12. Nd2 Nd5 13. Nxc4 Nxf4 14. gxf4 Qc8
15. a3 c5 16. d5 exd5 17. Nxd5 Bxd5 18. Bxd5 Rb8 19. Be4 Nf6 20. Bf5 Qc7 21.
Ne5 Bd6 22. Nd7 Nxd7 23. Qd3 Nf6 24. Qxd6 Qxd6 25. Rxd6 Rfd8 26. Rad1 Rxd6 27.
Rxd6 Kf8 28. Kg2 Ke7 29. Rc6 Nd5 30. Kf3 g6 31. Bd3 Rd8 32. Bc4 Rd6 33. Rxd6
Kxd6 34. e4 Nc7 35. Bxf7 Ke7 36. Bg8 Kf6 37. e5+ Kf5 38. Bc4 b5 39. Bf1 Ke6 40.
Ke4 a5 41. Bh3+ Ke7 42. f5 gxf5+ 43. Bxf5 h6 44. f4 b4 45. a4 1-0

[Event "?"]
[Site "?"]
[Date "2011.06.03"]
[Round "4.29"]
[White "Keller, Harald"]
[Black "Probst, Alexander"]
[Result "1/2-1/2"]
[WhiteElo "2071"]
[BlackElo "1971"]
[PlyCount "55"]
[EventDate "2011.??.??"]
[WhiteTeam "SV Rottweil"]
[BlackTeam "SC Blau.Turm Bad Wimpfen"]

1. e4 c5 2. Nc3 e6 3. g3 Nc6 4. Bg2 Nge7 5. f4 d5 6. d3 g6 7. Nf3 Bg7 8. O-O
O-O 9. h3 Nd4 10. Kh2 Rb8 11. g4 b5 12. e5 Nec6 13. Ne2 Nxf3+ 14. Bxf3 f6 15.
exf6 Qxf6 16. Ng3 Nd4 17. Bg2 b4 18. Be3 Qe7 19. Qd2 Bb7 20. Rab1 a5 21. Qf2
Rbc8 22. a4 b3 23. cxb3 Nxb3 24. Qc2 Nd4 25. Qd2 Nb3 26. Qd1 Nd4 27. Qd2 Nb3
28. Qd1 1/2-1/2

[Event "?"]
[Site "?"]
[Date "2011.06.03"]
[Round "4.30"]
[White "Hoeschele, Hans-Ulrich"]
[Black "Zeller, Elisa"]
[Result "1-0"]
[WhiteElo "2146"]
[BlackElo "1795"]
[PlyCount "167"]
[EventDate "2011.??.??"]
[WhiteTeam "Stuttgarter SF 1879"]
[BlackTeam "SF 1876 Göppingen"]

1. e4 d6 2. d4 Nf6 3. Nc3 g6 4. f3 Bg7 5. Be3 c6 6. Qd2 O-O 7. Nge2 b5 8. a3 a5
9. g4 e5 10. dxe5 dxe5 11. Ng3 Qxd2+ 12. Bxd2 Be6 13. h4 Nfd7 14. Be2 Re8 15.
h5 Na6 16. Nd1 Nc7 17. hxg6 fxg6 18. Ne3 Nf8 19. Rd1 Bf7 20. O-O Nfe6 21. Ng2
a4 22. Be3 Rad8 23. Rd3 Rxd3 24. Bxd3 Rd8 25. Be2 Nd4 26. Bd1 Bc4 27. Re1 Nce6
28. Nf1 Rf8 29. Nd2 Rb8 30. Kf2 c5 31. c3 Nb3 32. Nxc4 bxc4 33. Be2 Na5 34. Bc1
Kf7 35. Rd1 Ke7 36. Ne3 Nf4 37. Bxc4 Bh6 38. Bf1 Rb7 39. Ba6 Rb8 40. Bf1 Rb7
41. Ba6 Rb8 42. Rh1 c4 43. Rxh6 Nd3+ 44. Kg3 Nxc1 45. Rxh7+ Kf6 46. Rh2 Nd3 47.
Bxc4 Nxb2 48. Ba6 Rb3 49. Rd2 Ke6 50. Rc2 Kd6 51. f4 Rb6 52. Be2 exf4+ 53. Kxf4
Kc5 54. Rd2 Rb3 55. Rd5+ Kb6 56. Rd4 Rxa3 57. Rb4+ Kc6 58. Rxb2 Rxc3 59. Nd5
Rc5 60. Rb6+ Kd7 61. Bb5+ Kd8 62. Bxa4 Kc8 63. Rxg6 Nc4 64. Nb6+ Nxb6 65. Rxb6
Kd8 66. Rb7 Rc4 67. Bb3 Rd4 68. Bd5 Ke8 69. Ke5 Rd1 70. Ke6 Kf8 71. g5 Rg1 72.
Kf6 Rf1+ 73. Kg6 Ke8 74. Be6 Rg1 75. Bf5 Kd8 76. Kf6 Rf1 77. Rd7+ Ke8 78. Rc7
Rd1 79. Rh7 Kd8 80. e5 Ra1 81. Rd7+ Ke8 82. e6 Ra6 83. Bg6+ Kf8 84. Rd8# 1-0